Organizačné formy vyučovania v predmete výpočtová technika a spracovanie informácií záverečná práca

Uložené v:
Podrobná bibliografia
Hlavný autor: Malacká, Viera
Korporativný autor: Vysoká škola ekonomická v Bratislave. Národohospodárska fakulta
Ďalší autori: Vojtánek, Stanislav
Médium: Kniha
Jazyk:Slovak
Vydavateľské údaje: Bratislava 1987
Tagy: Pridať tag
Žiadne tagy, Buďte prvý, kto otaguje tento záznam!

MARC

LEADER 00000nam a2200000 4500
001 c034171
005 20230116121251.1
041 0 |a slo 
044 |a SK 
245 1 0 |a Organizačné formy vyučovania v predmete výpočtová technika a spracovanie informácií  |b záverečná práca  |c Viera Malacká ; Ved. práce Stanislav Vojtánek 
264 1 |a Bratislava  |c 1987 
300 |a 56 s. 
100 1 |a Malacká, Viera 
700 1 |a Vojtánek, Stanislav 
710 2 |a Vysoká škola ekonomická v Bratislave. Národohospodárska fakulta